| 000 | 00353nam a2200109Ia 4500 | ||
|---|---|---|---|
| 008 | 171211s9999 xx 000 0 und d | ||
| 245 | 4 | _aThe Dispossessed State: Narratives of Ownership in Nineteenth-Century Britain and Ireland | |
| 245 | _cSarah L. Maurer | ||
| 260 | _c2012 | ||
| 650 | _xCULTURE | ||
| 856 | _uhttp://down.ebook777.com/063/1421403277.pdf | ||
| 999 |
_c347789 _d347789 |
||